000 00745nam a2200193 a 4500
001 000036576
005 20200930075816.0
008 120120s1977 mx 000 0 spa d
020 _a8437501164
040 _aDO-SdBNP
_bspa
_cBNPHU
100 1 _aBock, Philip K.
_962845
245 0 _aIntroducción a la moderna antropología cultural /
_cPhilip K. Bock ; traductor de Carmen González de Chuaqui.
260 _aMéxico :
_bFondo de Cultura Económica,
_c1977.
300 _a584 p. :
_bil., retrs. ;
_c23 cm.
490 1 _aSección de obras de antropología
500 _aIncluye notas al pie de las página
534 _aTítulo original.
_tModern cultural anthropology : an introduction.
830 0 _aSección de obras de antropología
_962846
999 _c36067
_d36067